[Event "Nord West Cup"]
[Site "Oldenburg"]
[Date "2000.02.10"]
[Round "1"]
[White "Wind, Michael"]
[Black "Porth, Hartmut"]
[Result "0-1"]
[WhiteElo "1640"]
[BlackElo "2198"]
[PlyCount "94"]
[EventDate "2000.??.??"]
[EventType "swiss"]
[EventRounds "7"]
[EventCountry "GER"]
[SourceTitle "EXT 2002"]
[Source "ChessBase"]
[SourceDate "2001.11.25"]
[SourceVersion "1"]
[SourceVersionDate "2001.11.25"]
[SourceQuality "1"]

1. d4 Nc6 2. c4 e5 3. d5 Nce7 4. Nc3 Ng6 5. Nf3 Bb4 6. Qc2 Nf6 7. a3 Bxc3+ 8. Qxc3 d6 9. Bg5 h6 10. Bxf6 Qxf6 11. e3 0-0 12. Be2 a5 13. 0-0 Qe7 14. b4 b6 15. c5 bxc5 16. bxc5 Bg4 17. c6 f5 18. h3 Bxf3 19. Bxf3 e4 20. Be2 Ne5 21. Rab1 g5 22. Rb7 g4 23. hxg4 fxg4 24. Qd4 Nf3+ 25. Bxf3 gxf3 26. g3 Rae8 27. Rfb1 Rf7 28. Rb8 Rff8 29. R8b7 Rf7 30. Rb8 Rg7 31. Rxe8+ Qxe8 32. Qf6 Kh7 33. Qf5+ Qg6 34. Qxg6+ Kxg6 35. Rb7 Kf5 36. Ra7 h5 37. Kh2 h4 38. Rxa5 hxg3+ 39. fxg3 Kg4 40. Ra8 Rg5 41. Re8 Rh5+ 42. Kg1 Rxd5 43. Rxe4+ Kxg3 44. Rd4 f2+ 45. Kf1 Rh5 46. Rf4 Rh1+ 47. Ke2 Re1+ 0-1

[Event "Avoine op 07th"]
[Site "Avoine"]
[Date "1992.??.??"]
[Round "6"]
[White "Stefanov, Parik"]
[Black "Wind, Michael"]
[Result "0-1"]
[WhiteElo "2335"]
[BlackElo "2315"]
[PlyCount "118"]
[EventDate "1992.07.??"]
[EventType "swiss"]
[EventRounds "9"]
[EventCountry "FRA"]
[SourceTitle "EXT 2004"]
[Source "ChessBase"]
[SourceDate "2003.11.25"]
[SourceVersion "1"]
[SourceVersionDate "2003.11.25"]
[SourceQuality "1"]

1. g3 d5 2. Bg2 c6 3. Nf3 Nf6 4. b3 Bg4 5. Bb2 Nbd7 6. d3 e6 7. Nbd2 Be7 8. h3 Bh5 9. e3 0-0 10. Qe2 Qc7 11. 0-0 h6 12. Kh1 a5 13. g4 Bg6 14. Ng1 e5 15. f4 exf4 16. exf4 Bc5 17. f5 Rae8 18. Qd1 Bh7 19. Ndf3 Bxf5 20. Nh4 Bh7 21. Ne2 Ba7 22. Bc1 Qe5 23. Ba3 Qxe2 24. Bxf8 Qxd1 25. Raxd1 Kxf8 26. Rd2 Bd4 27. Bf3 a4 28. Bd1 a3 29. Ng2 Nc5 30. h4 Ne6 31. Kh2 g5 32. Bf3 Kg7 33. Re2 Nc7 34. Rxe8 Ncxe8 35. hxg5 hxg5 36. Rd1 Bc3 37. Ne3 Nd6 38. Rb1 Nb5 39. b4 Bb2 40. Rf1 Be5+ 41. Kg2 Nc3 42. Ra1 Nd7 43. Nf1 Nb6 44. Nd2 Nb5 45. Rb1 Bb2 46. Nb3 Nc3 47. Re1 Nxa2 48. Re7 Nc1 49. Nxc1 Bxc1 50. Rxb7 Na4 51. b5 a2 52. bxc6 a1Q 53. Bxd5 Bg6 54. c7 Qc3 55. Bc4 Qd2+ 56. Kf1 Nc3 57. c8Q Qe2+ 58. Kg1 Be3+ 59. Kh1 Qf1+ 0-1

[Event "Avoine op 07th"]
[Site "Avoine"]
[Date "1992.??.??"]
[Round "5"]
[White "Wind, Michael"]
[Black "Ortega, Lexy"]
[Result "1/2-1/2"]
[WhiteElo "2315"]
[BlackElo "2435"]
[PlyCount "66"]
[EventDate "1992.07.??"]
[EventType "swiss"]
[EventRounds "9"]
[EventCountry "FRA"]
[SourceTitle "EXT 2004"]
[Source "ChessBase"]
[SourceDate "2003.11.25"]
[SourceVersion "1"]
[SourceVersionDate "2003.11.25"]
[SourceQuality "1"]

1. d4 Nf6 2. Nf3 e6 3. Bf4 b6 4. e3 Bb7 5. Bd3 Bd6 6. Bxd6 cxd6 7. Nbd2 d5 8. 0-0 0-0 9. c4 Nc6 10. Rc1 d6 11. Qa4 a6 12. Qa3 h6 13. Rfe1 b5 14. b3 e5 15. cxd5 Nxd5 16. Be4 b4 17. Qb2 Nc3 18. dxe5 dxe5 19. Bxc6 Bxc6 20. e4 f5 21. Nb1 Nxb1 22. Rxc6 Nc3 23. exf5 e4 24. Nd2 Rxf5 25. Qc2 Rxf2 26. Kxf2 Qh4+ 27. Kf1 Rf8+ 28. Nf3 exf3 29. gxf3 Rxf3+ 30. Kg2 Rf8 31. Rce6 Nd1 32. Re8 Qg4+ 33. Kh1 Qf3+ 1/2-1/2